| 000 | 01307nam a22002657a 4500 | ||
|---|---|---|---|
| 005 | 20170124103121.0 | ||
| 010 | _aB-081990 | ||
| 020 |
_c00.00 _a8177140914 |
||
| 035 | _aB-081990 | ||
| 037 | _bCen Lib/Ret | ||
| 040 |
_aDPL _bHN |
||
| 082 |
_a335.4 _bएंगेल्स |
||
| 100 |
_aएंगेल्स, फ्रेडरिख _981875 |
||
| 245 |
_aपरिवार, निजी संपत्ति और राज्य की उतपत्ति / _cफ्रेडरिख एंगेल्स ; अनुवाद और संपादन नरेश |
||
| 246 |
_aParivar, niji sampatti aur rajya ki utpatti / _bby Fredrikh Agels ; anuvadak aur sampadak Naresh |
||
| 260 |
_aनयी दिल्ली _bप्रकाशन संस्थान _c2003 |
||
| 270 |
_bनयी दिल्ली _a4715/21, दयानंद मार्ग, दरियागंज _e110002 |
||
| 300 |
_a189पृ. _c20सेमी(सजिल्द ) |
||
| 650 |
_aसामाजिक जनजाति _x _z _981876 |
||
| 650 |
_aमार्क्सवादी चिंतन _95395 |
||
| 650 |
_aSocial Tribes _936528 |
||
| 650 |
_aMarxist Thought _981877 |
||
| 700 |
_aनरेश _941420 |
||
| 942 |
_2ddc _cHN _h335.4 _mएंगेल्स |
||
| 999 |
_c118781 _d118781 |
||